[Event "RUS-ch Men Rapid 2019"]
[Site "Sochi"]
[Date "2019.10.15"]
[Round "5.19"]
[White "Belyakov, Bogdan"]
[Black "Nechaev, Oleg"]
[Result "1/2-1/2"]
[WhiteElo "2506"]
[BlackElo "2371"]
[Annotator "ChessBase"]
[PlyCount "90"]
[EventDate "2019.10.15"]
[EventType "swiss"]
[EventCountry "RUS"]
[SourceTitle "playchess.com"]
[Source "ChessBase"]
[SourceQuality "1"]
[TimeControl "900+10"]

1. e4 {[%emt 0:00:00]} c5 {[%emt 0:00:00]} 2. c3 {[%emt 0:00:00]} Nc6 {[%emt 0:00:00]} 3. Nf3 {[%emt 0:00:03]} d5 {[%emt 0:00:00]} 4. exd5 {[%emt 0:00:04]} Qxd5 {[%emt 0:00:00]} 5. d4 {[%emt 0:00:02]} cxd4 {[%emt 0:00:02]} 6. cxd4 {[%emt 0:00:03]} e5 {[%emt 0:00:02]} 7. Nc3 {[%emt 0:00:16]} Bb4 {[%emt 0:00:02]} 8. Bd2 {[%emt 0:00:02]} Bxc3 {[%emt 0:00:02]} 9. Bxc3 {[%emt 0:00:02]} e4 {[%emt 0:00:01]} 10. Ne5 {[%emt 0:00:03]} Nxe5 {[%emt 0:00:02]} 11. dxe5 {[%emt 0:00:02]} Ne7 {[%emt 0:00:02]} 12. Qe2 {[%emt 0:00:19]} O-O {[%emt 0:00:04]} 13. Rd1 {[%emt 0:00:03]} Qxa2 {[%emt 0:00:02]} 14. Bb4 {[%emt 0:00:39]} Qe6 {[%emt 0:01:45]} 15. Qxe4 {[%emt 0:00:03]} Re8 {[%emt 0:00:19]} 16. Bc3 {[%emt 0:02:27]} Qc6 {[%emt 0:01:57]} 17. Bd3 {[%emt 0:01:44]} Bf5 {[%emt 0:00:56]} 18. Qxc6 {[%emt 0:00:31]} bxc6 {[%emt 0:00:02]} 19. Bxf5 {[%emt 0:01:44]} Nxf5 {[%emt 0:00:02]} 20. O-O {[%emt 0:00:03]} a5 {[%emt 0:00:25]} 21. Rd7 {[%emt 0:00:49]} a4 {[%emt 0:00:16]} 22. Rfd1 {[%emt 0:01:00]} h5 {[%emt 0:00:46]} 23. Rc7 {[%emt 0:00:30]} Rec8 {[%emt 0:00:13]} 24. Rdd7 {[%emt 0:00:13]} Rxc7 {[%emt 0:00:42]} 25. Rxc7 {[%emt 0:00:02]} Ra6 {[%emt 0:00:01]} 26. g3 {[%emt 0:00:50]} g5 {[%emt 0:01:06]} 27. h3 {[%emt 0:00:12]} g4 {[%emt 0:00:40]} 28. hxg4 {[%emt 0:00:02]} hxg4 {[%emt 0:00:01]} 29. Kf1 {[%emt 0:00:30]} Kf8 {[%emt 0:00:03]} 30. Bb4+ {[%emt 0:00:44]} Ke8 {[%emt 0:00:02]} 31. Bc5 {[%emt 0:00:01]} Ra5 {[%emt 0:01:19]} 32. Bd6 {[%emt 0:00:22]} Nxd6 {[%emt 0:00:20]} 33. exd6 {[%emt 0:00:02]} Rb5 {[%emt 0:00:18]} 34. Re7+ {[%emt 0:01:52]} Kd8 {[%emt 0:00:04]} 35. Ra7 {[%emt 0:00:31]} Rxb2 {[%emt 0:00:09]} 36. Rxa4 {[%emt 0:00:02]} f5 {[%emt 0:00:02]} 37. Ra7 {[%emt 0:00:38]} Rd2 {[%emt 0:00:15]} 38. Rf7 {[%emt 0:00:02]} Rd5 {[%emt 0:00:03]} 39. Ke2 {[%emt 0:00:37]} Ke8 {[%emt 0:00:08]} 40. Re7+ {[%emt 0:00:21]} Kf8 {[%emt 0:00:21]} 41. Rd7 {[%emt 0:01:20]} Ke8 {[%emt 0:00:05]} 42. Re7+ {[%emt 0:00:03]} Kd8 {[%emt 0:00:13]} 43. Rf7 {[%emt 0:00:12]} Ke8 {[%emt 0:00:21]} 44. Re7+ {[%emt 0:00:19]} Kd8 {[%emt 0:00:14]} 45. Rf7 {[%emt 0:00:03]} Ke8 {[%emt 0:00:20]} 1/2-1/2

[Event "RUS-ch Men Rapid 2019"]
[Site "Sochi"]
[Date "2019.10.15"]
[Round "5.20"]
[White "Mikhailovsky, Vladimir"]
[Black "Faizrakhmanov, Ramil"]
[Result "0-1"]
[WhiteElo "2209"]
[BlackElo "2434"]
[Annotator "NA"]
[PlyCount "92"]
[EventDate "2019.10.15"]
[EventType "swiss"]
[EventCountry "RUS"]
[SourceTitle "playchess.com"]
[Source "ChessBase"]
[SourceQuality "1"]
[TimeControl "900+10"]

1. d4 {[%emt 0:00:00]} Nf6 {[%emt 0:00:00]} 2. Nc3 {[%emt 0:00:00]} d5 {[%emt 0:00:00]} 3. Bg5 {[%emt 0:00:00]} Nbd7 {[%emt 0:00:01]} 4. f3 {[%emt 0:00:02]} h6 {[%emt 0:00:14]} 5. Bh4 {[%emt 0:00:04]} c6 {[%emt 0:01:37]} 6. e4 {[%emt 0:00:07]} dxe4 {[%emt 0:00:07]} 7. fxe4 {[%emt 0:00:30]} Qa5 {[%emt 0:00:05]} 8. Qd2 {[%emt 0:05:32]} e5 {[%emt 0:00:43]} 9. dxe5 {[%emt 0:01:04]} Nxe5 {[%emt 0:00:21]} 10. Nf3 {[%emt 0:01:01]} Bb4 {[%emt 0:00:39]} 11. Bd3 {[%emt 0:03:48]} Be6 {[%emt 0:01:32]} 12. Nxe5 {[%emt 0:01:24]} Qxe5 {[%emt 0:00:08]} 13. O-O {[%emt 0:00:34]} Bd6 {[%emt 0:02:18]} 14. Bg3 {[%emt 0:01:11]} Qc5+ {[%emt 0:00:04]} 15. Qf2 {[%emt 0:00:51]} Qxf2+ {[%emt 0:00:26]} 16. Kxf2 {[%emt 0:00:29]} Ng4+ {[%emt 0:00:26]} 17. Kf3 {[%emt 0:00:02]} Bxg3 {[%emt 0:00:38]} 18. Kxg3 {[%emt 0:00:02]} Ne5 {[%emt 0:00:02]} 19. Rad1 {[%emt 0:00:38]} Ke7 {[%emt 0:00:03]} 20. a3 {[%emt 0:00:27]} Rhd8 {[%emt 0:00:30]} 21. Kf4 {[%emt 0:00:23]} f6 {[%emt 0:00:05]} 22. h3 {[%emt 0:00:10]} g5+ {[%emt 0:01:25]} 23. Ke3 {[%emt 0:00:03]} h5 {[%emt 0:00:01]} 24. Ne2 {[%emt 0:00:22]} Rd7 {[%emt 0:01:24]} 25. Nd4 {[%emt 0:00:10]} Rad8 {[%emt 0:00:05]} 26. Be2 {[%emt 0:00:02]} h4 {[%emt 0:00:42]} 27. Nxe6 {[%emt 0:00:13]} Rxd1 {[%emt 0:00:26]} 28. Nxd8 {[%emt 0:00:17]} Rxd8 {[%emt 0:00:08]} 29. b3 {[%emt 0:00:06]} Ng6 {[%emt 0:00:23]} 30. Rf2 {[%emt 0:00:10]} Nf4 {[%emt 0:00:16]} 31. Bg4 {[%emt 0:00:07]} c5 {[%emt 0:00:11]} 32. Kf3 {[%emt 0:00:12]} Rd4 {[%emt 0:00:52]} 33. Bf5 {[%emt 0:00:12]} c4 {[%emt 0:00:46]} 34. b4 {[%emt 0:00:12]} c3 {[%emt 0:00:04]} 35. g3 {[%emt 0:00:06]} hxg3 {[%emt 0:00:24]} 36. Kxg3 {[%emt 0:00:02]} Rd2 {[%emt 0:00:49]} 37. Kf3 {[%emt 0:00:17]} Kd6 {[%emt 0:00:11]} 38. Ke3 {[%emt 0:00:03]} Ng2+ {[%emt 0:00:04]} 39. Kf3 {[%emt 0:00:15]} Ne1+ {[%emt 0:00:02]} 40. Kg3 {[%emt 0:00:06]} Ke5 {[%emt 0:00:17]} 41. Rxd2 {[%emt 0:00:22]} cxd2 {[%emt 0:00:02]} 42. Bg4 {[%emt 0:00:01]} Nxc2 {[%emt 0:00:03]} 43. Kf2 {[%emt 0:00:01]} Nxa3 {[%emt 0:00:08]} 44. Ke2 {[%emt 0:00:02]} Nc2 {[%emt 0:00:05]} 45. b5 {[%emt 0:00:08]} d1=Q+ {[%emt 0:00:08]} 46. Kxd1 {[%emt 0:00:02]} Ne3+ {[%emt 0:00:01]} 0-1

[Event "RUS-ch Men Rapid 2019"]
[Site "Sochi"]
[Date "2019.10.15"]
[Round "5.21"]
[White "Goltsev, Dmitry"]
[Black "Bryakin, Mikhail"]
[Result "1/2-1/2"]
[WhiteElo "2309"]
[BlackElo "2440"]
[Annotator "NA"]
[PlyCount "68"]
[EventDate "2019.10.15"]
[EventType "swiss"]
[EventCountry "RUS"]
[SourceTitle "playchess.com"]
[Source "ChessBase"]
[SourceQuality "1"]
[TimeControl "900+10"]

1. e4 {[%emt 0:00:00]} c6 {[%emt 0:00:00]} 2. d4 {[%emt 0:00:00]} d5 {[%emt 0:00:00]} 3. e5 {[%emt 0:00:00]} Bf5 {[%emt 0:00:00]} 4. Bd3 {[%emt 0:00:03]} Bxd3 {[%emt 0:00:00]} 5. Qxd3 {[%emt 0:00:01]} e6 {[%emt 0:00:00]} 6. Ne2 {[%emt 0:00:03]} Ne7 {[%emt 0:00:07]} 7. O-O {[%emt 0:00:03]} Nf5 {[%emt 0:00:03]} 8. Ng3 {[%emt 0:00:32]} g6 {[%emt 0:00:07]} 9. Nd2 {[%emt 0:00:12]} Nd7 {[%emt 0:00:04]} 10. Nf3 {[%emt 0:00:09]} Be7 {[%emt 0:00:04]} 11. c3 {[%emt 0:00:11]} h5 {[%emt 0:00:05]} 12. Nxf5 {[%emt 0:00:24]} gxf5 {[%emt 0:00:13]} 13. Bf4 {[%emt 0:00:09]} h4 {[%emt 0:00:06]} 14. Qe3 {[%emt 0:00:07]} Nf8 {[%emt 0:00:21]} 15. g3 {[%emt 0:00:46]} Ng6 {[%emt 0:00:08]} 16. Bg5 {[%emt 0:00:13]} hxg3 {[%emt 0:00:12]} 17. hxg3 {[%emt 0:00:09]} Rh5 {[%emt 0:00:29]} 18. Bxe7 {[%emt 0:00:27]} Qxe7 {[%emt 0:00:01]} 19. Kg2 {[%emt 0:00:04]} f4 {[%emt 0:00:14]} 20. Qd2 {[%emt 0:01:17]} O-O-O {[%emt 0:00:16]} 21. Rh1 {[%emt 0:00:02]} Rdh8 {[%emt 0:00:06]} 22. Rxh5 {[%emt 0:00:09]} Rxh5 {[%emt 0:00:02]} 23. Rh1 {[%emt 0:00:03]} Rxh1 {[%emt 0:00:22]} 24. Kxh1 {[%emt 0:00:01]} Qf8 {[%emt 0:00:11]} 25. Kg2 {[%emt 0:00:22]} Qh6 {[%emt 0:00:14]} 26. Qc1 {[%emt 0:01:20]} Qh5 {[%emt 0:00:12]} 27. Qh1 {[%emt 0:00:11]} Qf5 {[%emt 0:00:03]} 28. Qh3 {[%emt 0:00:17]} Qc2 {[%emt 0:00:24]} 29. Qh7 {[%emt 0:00:17]} Qf5 {[%emt 0:00:23]} 30. Qh3 {[%emt 0:00:10]} Qe4 {[%emt 0:00:17]} 31. Qh7 {[%emt 0:00:20]} Qf5 {[%emt 0:00:51]} 32. Qh3 {[%emt 0:00:13]} Qe4 {[%emt 0:04:34]} 33. Qh7 {[%emt 0:00:04]} Qf5 {[%emt 0:00:49]} 34. Qh3 {[%emt 0:00:03]} Qe4 {[%emt 0:00:10]} 1/2-1/2

[Event "RUS-ch Men Rapid 2019"]
[Site "Sochi"]
[Date "2019.10.15"]
[Round "5.22"]
[White "Alexeev, Alexey"]
[Black "Nesterov, Arseniy"]
[Result "0-1"]
[WhiteElo "2252"]
[BlackElo "2484"]
[Annotator "ChessBase"]
[PlyCount "72"]
[EventDate "2019.10.15"]
[EventType "swiss"]
[EventCountry "RUS"]
[SourceTitle "playchess.com"]
[Source "ChessBase"]
[SourceQuality "1"]
[TimeControl "900+10"]

1. e4 {[%emt 0:00:00]} e5 {[%emt 0:00:00]} 2. Nc3 {[%emt 0:00:02]} Nc6 {[%emt 0:00:00]} 3. Bc4 {[%emt 0:00:02]} Nf6 {[%emt 0:00:00]} 4. d3 {[%emt 0:00:02]} Bc5 {[%emt 0:00:01]} 5. f4 {[%emt 0:00:02]} d6 {[%emt 0:00:28]} 6. Nf3 {[%emt 0:00:02]} Na5 {[%emt 0:01:27]} 7. Bb3 {[%emt 0:00:59]} Nxb3 {[%emt 0:00:03]} 8. axb3 {[%emt 0:00:02]} O-O {[%emt 0:00:37]} 9. Na4 {[%emt 0:00:41]} exf4 {[%emt 0:02:45]} 10. Nxc5 {[%emt 0:00:08]} dxc5 {[%emt 0:00:15]} 11. Bxf4 {[%emt 0:00:12]} Nh5 {[%emt 0:00:15]} 12. Be3 {[%emt 0:00:59]} b6 {[%emt 0:00:32]} 13. O-O {[%emt 0:00:44]} f5 {[%emt 0:00:23]} 14. Ng5 {[%emt 0:00:25]} Qe8 {[%emt 0:00:23]} 15. Qf3 {[%emt 0:04:37]} h6 {[%emt 0:00:38]} 16. e5 {[%emt 0:00:46]} Rb8 {[%emt 0:00:28]} 17. Rxa7 {[%emt 0:03:13]} hxg5 {[%emt 0:01:49]} 18. Bxg5 {[%emt 0:00:06]} Qg6 {[%emt 0:00:54]} 19. h4 {[%emt 0:00:27]} Rf7 {[%emt 0:00:43]} 20. Rfa1 {[%emt 0:01:21]} Be6 {[%emt 0:00:16]} 21. Qc6 {[%emt 0:00:16]} Rc8 {[%emt 0:01:48]} 22. Rb7 {[%emt 0:00:53]} f4 {[%emt 0:00:50]} 23. Raa7 {[%emt 0:00:43]} Qf5 {[%emt 0:00:07]} 24. Rxc7 {[%emt 0:01:30]} Rcxc7 {[%emt 0:00:04]} 25. Rxc7 {[%emt 0:00:11]} Rxc7 {[%emt 0:00:50]} 26. Qe8+ {[%emt 0:00:39]} Qf8 {[%emt 0:00:01]} 27. Qxe6+ {[%emt 0:00:01]} Qf7 {[%emt 0:01:04]} 28. Qxb6 {[%emt 0:00:08]} Rc8 {[%emt 0:01:34]} 29. e6 {[%emt 0:00:05]} Qg6 {[%emt 0:00:11]} 30. Qd6 {[%emt 0:00:29]} Re8 {[%emt 0:00:04]} 31. Qxc5 {[%emt 0:00:04]} Qxe6 {[%emt 0:00:19]} 32. Kh2 {[%emt 0:00:16]} Qg4 {[%emt 0:00:13]} 33. Qd5+ {[%emt 0:00:10]} Kh8 {[%emt 0:00:03]} 34. Be7 {[%emt 0:00:05]} Qg3+ {[%emt 0:00:13]} 35. Kh1 {[%emt 0:00:01]} Qe1+ {[%emt 0:00:01]} 36. Kh2 {[%emt 0:00:05]} Ng3 {[%emt 0:00:02]} 0-1

[Event "RUS-ch Men Rapid 2019"]
[Site "Sochi"]
[Date "2019.10.15"]
[Round "5.23"]
[White "Sysolyatin, Evgeny"]
[Black "Kabanov, Nikolai"]
[Result "1/2-1/2"]
[WhiteElo "2271"]
[BlackElo "2455"]
[Annotator "ChessBase"]
[PlyCount "90"]
[EventDate "2019.10.15"]
[EventType "swiss"]
[EventCountry "RUS"]
[SourceTitle "playchess.com"]
[Source "ChessBase"]
[SourceQuality "1"]
[TimeControl "900+10"]

1. e4 {[%emt 0:00:00]} c5 {[%emt 0:00:00]} 2. Nf3 {[%emt 0:00:00]} e6 {[%emt 0:00:00]} 3. g3 {[%emt 0:00:18]} Nc6 {[%emt 0:00:50]} 4. Bg2 {[%emt 0:00:02]} d6 {[%emt 0:00:04]} 5. O-O {[%emt 0:00:04]} Nf6 {[%emt 0:00:08]} 6. Qe2 {[%emt 0:00:02]} Be7 {[%emt 0:00:09]} 7. Rd1 {[%emt 0:00:01]} e5 {[%emt 0:00:04]} 8. c3 {[%emt 0:00:21]} O-O {[%emt 0:00:03]} 9. d4 {[%emt 0:01:34]} cxd4 {[%emt 0:00:35]} 10. cxd4 {[%emt 0:00:01]} exd4 {[%emt 0:00:16]} 11. Nxd4 {[%emt 0:00:11]} Bg4 {[%emt 0:00:09]} 12. Nf3 {[%emt 0:00:25]} Qc8 {[%emt 0:00:59]} 13. Nc3 {[%emt 0:00:24]} Re8 {[%emt 0:00:18]} 14. Bf4 {[%emt 0:01:30]} Qe6 {[%emt 0:03:01]} 15. Qb5 {[%emt 0:01:07]} Rab8 {[%emt 0:01:51]} 16. Rd2 {[%emt 0:05:43]} a6 {[%emt 0:01:33]} 17. Qf1 {[%emt 0:00:46]} h6 {[%emt 0:00:56]} 18. Re1 {[%emt 0:01:02]} Bf8 {[%emt 0:00:46]} 19. h3 {[%emt 0:00:51]} Bxf3 {[%emt 0:00:03]} 20. Bxf3 {[%emt 0:00:02]} Ne5 {[%emt 0:00:14]} 21. Bg2 {[%emt 0:00:08]} Rbc8 {[%emt 0:00:31]} 22. Rc2 {[%emt 0:01:33]} Nc4 {[%emt 0:00:37]} 23. b3 {[%emt 0:00:48]} Ne5 {[%emt 0:00:45]} 24. Rec1 {[%emt 0:00:03]} Nc6 {[%emt 0:01:30]} 25. Qd1 {[%emt 0:00:23]} g5 {[%emt 0:00:54]} 26. Be3 {[%emt 0:00:05]} Bg7 {[%emt 0:00:21]} 27. Rd2 {[%emt 0:00:10]} Red8 {[%emt 0:00:12]} 28. Bb6 {[%emt 0:00:07]} Rd7 {[%emt 0:00:04]} 29. Re2 {[%emt 0:00:25]} Re8 {[%emt 0:00:25]} 30. Re3 {[%emt 0:01:13]} Ne5 {[%emt 0:01:14]} 31. Nd5 {[%emt 0:00:12]} Nxd5 {[%emt 0:00:07]} 32. exd5 {[%emt 0:00:02]} Qf6 {[%emt 0:00:09]} 33. Rec3 {[%emt 0:00:11]} Rde7 {[%emt 0:00:10]} 34. Rc8 {[%emt 0:00:02]} Qf5 {[%emt 0:00:22]} 35. Rxe8+ {[%emt 0:00:05]} Rxe8 {[%emt 0:00:01]} 36. Be3 {[%emt 0:00:18]} Nd3 {[%emt 0:00:38]} 37. Rc7 {[%emt 0:00:24]} Rxe3 {[%emt 0:00:22]} 38. fxe3 {[%emt 0:00:06]} Qf2+ {[%emt 0:00:02]} 39. Kh1 {[%emt 0:00:07]} Ne1 {[%emt 0:00:37]} 40. Rc8+ {[%emt 0:00:22]} Kh7 {[%emt 0:00:03]} 41. Be4+ {[%emt 0:00:18]} f5 {[%emt 0:00:02]} 42. Rc1 {[%emt 0:00:05]} Qf1+ {[%emt 0:00:37]} 43. Kh2 {[%emt 0:00:02]} Qf2+ {[%emt 0:00:01]} 44. Kh1 {[%emt 0:00:01]} Qf1+ 45. Kh2 Qf2+ {[%emt 0:00:32]} 1/2-1/2

[Event "RUS-ch Men Rapid 2019"]
[Site "Sochi"]
[Date "2019.10.15"]
[Round "5.24"]
[White "Litvinov, Anton"]
[Black "Apryshko, Gleb"]
[Result "0-1"]
[WhiteElo "2010"]
[BlackElo "2382"]
[Annotator "NA"]
[PlyCount "40"]
[EventDate "2019.10.15"]
[EventType "swiss"]
[EventCountry "RUS"]
[SourceTitle "playchess.com"]
[Source "ChessBase"]
[SourceQuality "1"]
[TimeControl "900+10"]

1. d4 {[%emt 0:00:00]} g6 {[%emt 0:00:00]} 2. c4 {[%emt 0:00:00]} Bg7 {[%emt 0:00:00]} 3. Nc3 {[%emt 0:00:00]} d6 {[%emt 0:01:44]} 4. e4 {[%emt 0:00:00]} Nd7 {[%emt 0:00:06]} 5. Be2 {[%emt 0:00:25]} e6 {[%emt 0:00:02]} 6. h4 {[%emt 0:01:03]} h6 {[%emt 0:00:08]} 7. Be3 {[%emt 0:00:47]} Ne7 {[%emt 0:00:03]} 8. Qd2 {[%emt 0:01:05]} f5 {[%emt 0:01:54]} 9. Nh3 {[%emt 0:04:12]} e5 {[%emt 0:00:08]} 10. f4 {[%emt 0:00:49]} fxe4 {[%emt 0:00:38]} 11. fxe5 {[%emt 0:02:13]} dxe5 {[%emt 0:00:08]} 12. dxe5 {[%emt 0:01:34]} Nf5 {[%emt 0:01:37]} 13. Nxe4 {[%emt 0:03:08]} Qxh4+ {[%emt 0:00:40]} 14. Nhf2 {[%emt 0:00:27]} Qe7 {[%emt 0:00:01]} 15. Ng4 {[%emt 0:01:01]} Nxe3 {[%emt 0:00:30]} 16. Qxe3 {[%emt 0:00:20]} Nxe5 {[%emt 0:00:03]} 17. Nxe5 Qxe5 {[%emt 0:00:04]} 18. Qc3 {[%emt 0:00:27]} Bf5 {[%emt 0:00:13]} 19. Bf3 {[%emt 0:00:24]} Qxe4+ {[%emt 0:00:08]} 20. Bxe4 {[%emt 0:00:05]} Bxc3+ {[%emt 0:00:02]} 0-1

[Event "RUS-ch Men Rapid 2019"]
[Site "Sochi"]
[Date "2019.10.15"]
[Round "5.25"]
[White "Zakaryan, David"]
[Black "Nuristani, Iman"]
[Result "1-0"]
[WhiteElo "2338"]
[BlackElo "2171"]
[Annotator "NA"]
[PlyCount "51"]
[EventDate "2019.10.15"]
[EventType "swiss"]
[EventCountry "RUS"]
[SourceTitle "playchess.com"]
[Source "ChessBase"]
[SourceQuality "1"]
[TimeControl "900+10"]

1. d4 {[%emt 0:00:00]} Nf6 {[%emt 0:00:00]} 2. c4 {[%emt 0:00:00]} c5 {[%emt 0:00:00]} 3. d5 {[%emt 0:00:00]} b5 {[%emt 0:00:00]} 4. cxb5 {[%emt 0:00:00]} a6 {[%emt 0:00:00]} 5. bxa6 {[%emt 0:00:00]} Bxa6 {[%emt 0:00:01]} 6. Nc3 {[%emt 0:00:00]} g6 {[%emt 0:00:01]} 7. e4 {[%emt 0:00:06]} Bxf1 {[%emt 0:00:02]} 8. Kxf1 {[%emt 0:00:01]} d6 {[%emt 0:00:02]} 9. g3 {[%emt 0:00:05]} Bg7 {[%emt 0:00:01]} 10. Kg2 {[%emt 0:00:02]} O-O {[%emt 0:00:03]} 11. Nf3 {[%emt 0:00:03]} Nbd7 {[%emt 0:00:01]} 12. h3 {[%emt 0:00:08]} Qa5 {[%emt 0:00:05]} 13. Re1 {[%emt 0:00:05]} Rfb8 {[%emt 0:03:43]} 14. e5 {[%emt 0:00:13]} dxe5 {[%emt 0:03:27]} 15. Nxe5 {[%emt 0:00:02]} Nxe5 {[%emt 0:00:02]} 16. Rxe5 {[%emt 0:00:02]} Rb7 {[%emt 0:01:24]} 17. Qe2 {[%emt 0:00:02]} Raa7 {[%emt 0:02:09]} 18. a4 {[%emt 0:01:01]} Ne8 {[%emt 0:00:13]} 19. Re3 {[%emt 0:00:12]} Nd6 {[%emt 0:00:01]} 20. Ra3 {[%emt 0:00:49]} Nf5 {[%emt 0:00:20]} 21. Nb5 {[%emt 0:00:26]} Nxe3+ {[%emt 0:03:45]} 22. Bxe3 {[%emt 0:00:05]} Bxb2 {[%emt 0:00:08]} 23. Qxb2 {[%emt 0:05:18]} Rxb5 {[%emt 0:00:01]} 24. axb5 {[%emt 0:00:58]} Qxa3 {[%emt 0:00:05]} 25. Qe5 {[%emt 0:01:13]} Rb7 {[%emt 0:02:10]} 26. Bh6 {[%emt 0:00:06]} 1-0

[Event "RUS-ch Men Rapid 2019"]
[Site "Sochi"]
[Date "2019.10.15"]
[Round "5.26"]
[White "Gutenev, Alexander"]
[Black "Tenikashvili, Georgij"]
[Result "1-0"]
[WhiteElo "2539"]
[BlackElo "2337"]
[Annotator "RC"]
[PlyCount "99"]
[EventDate "2019.10.15"]
[EventType "swiss"]
[EventCountry "RUS"]
[SourceTitle "playchess.com"]
[Source "ChessBase"]
[SourceQuality "1"]
[TimeControl "900+10"]

1. e4 c6 2. d4 d5 3. Nd2 dxe4 4. Nxe4 Bf5 5. Ng3 Bg6 6. Nf3 Nd7 7. h4 h6 8. h5 Bh7 9. Bd3 Bxd3 10. Qxd3 e6 11. Bd2 Ngf6 12. O-O-O Be7 13. Kb1 O-O 14. Ne4 Nxe4 15. Qxe4 Nf6 16. Qe2 Qd5 17. Ne5 Qe4 18. Qxe4 Nxe4 19. Be1 Rfd8 20. f3 Nf6 21. c4 Nd7 22. Ba5 Nb6 23. b3 Rdc8 24. Rhe1 Bf6 25. Bxb6 axb6 26. Nd7 Ra6 27. d5 cxd5 28. Nxf6+ gxf6 29. cxd5 e5 30. f4 exf4 31. Re7 Rd8 32. d6 b5 33. Rxb7 Raxd6 34. Rxd6 Rxd6 35. Rxb5 Rd1+ 36. Kc2 Rg1 37. a4 Rxg2+ 38. Kd3 Rb2 39. Ke4 Kg7 40. a5 f5+ 41. Kxf4 Rf2+ 42. Kg3 Rb2 43. Rb6 Kf8 44. Rb7 Kg7 45. Rb6 Kf8 46. b4 Ke7 47. a6 Kd7 48. b5 Rb4 49. a7 Ra4 50. Ra6 1-0

[Event "RUS-ch Men Rapid 2019"]
[Site "Sochi"]
[Date "2019.10.15"]
[Round "5.27"]
[White "Yatzenko, Anton"]
[Black "Ponkratov, Pavel"]
[Result "1/2-1/2"]
[WhiteElo "2383"]
[BlackElo "2674"]
[Annotator "TA"]
[PlyCount "64"]
[EventDate "2019.10.15"]
[EventType "swiss"]
[EventCountry "RUS"]
[SourceTitle "playchess.com"]
[Source "ChessBase"]
[SourceQuality "1"]

{[%evp 9,64,4,6,0,6,-8,-3,-5,4,-7,0,0,-1,-98,0,-12,-2,-8,0,-25,-25,-26,-31,-27,-32,-31,0,-31,0,-19,33,-32,-18,-40,-39,-37,-33,-45,-18,-57,-56,-48,-56,-69,-66,-64,0,0,0,0,0,0,0,-12,0,0,14]} 1. d4 Nf6 2. Nf3 e6 3. Bf4 c5 4. e3 Nc6 5. Nbd2 h6 (5... d5 6. c3 Bd6 7. Bg3 O-O 8. Bb5 Be7 9. Qe2 Qb6 10. dxc5 Bxc5 11. Rb1 Ne7 12. Bd3 Bd6 13. Bh4 Nd7 14. c4 Ng6 15. Bg3 Nf6 {1-0 (34) Nabaty,T (2692)-Movsesian,S (2633) Czech Republic 2019}) 6. h3 {A46: 1 d4 Nf6 2 Nf3 e6: Torre, London and Colle Systems} d5 7. c3 Bd6 8. Bxd6 $146 ({Predecessor:} 8. dxc5 Bxf4 9. exf4 a5 10. Bb5 Qc7 11. Ne5 O-O 12. Bxc6 bxc6 {1-0 (32) Ushenina,A (2416)-Muzychuk,M (2544) Huaian 2017}) 8... Qxd6 9. Bb5 O-O 10. O-O Bd7 11. Re1 {[#]} (11. Qb3 $11) 11... a6 (11... Nxd4 $1 $17 12. exd4 Bxb5) 12. Bxc6 Bxc6 13. Ne5 Be8 14. Ndf3 Ne4 15. Nd2 Nxd2 16. Qxd2 f6 17. Nd3 b6 (17... c4 $5 {[%cal Rc4d3]} 18. Nf4 Rd8 $15) 18. a3 Bg6 (18... c4 $5 {[%cal Rc4d3]} 19. Nf4 Rd8 $15) 19. Nf4 Bh7 (19... Bf7 $11) 20. Rad1 (20. dxc5 $14 bxc5 21. c4) 20... c4 $15 21. f3 g5 22. Ne2 b5 23. Kf2 a5 24. Ra1 e5 25. dxe5 fxe5 26. Rad1 Bd3 27. Kg1 b4 (27... Qg6 $15) 28. cxb4 $11 {The position is equal.} axb4 29. axb4 Rfb8 30. Nc1 e4 31. fxe4 dxe4 32. b3 Qxb4 {Accuracy: White = 33%, Black = 58%.} 1/2-1/2